000
00234nam a2200097Ia 4500
001
1136599
005
20250827005210.0
008
250824s9999 xx 000 0 und d
245
0
_a
DEVLET ANA
_c
KEMALTAHİR
260
_b
KETEBE YAYINLARI
999
_c
1136599
_d
1136599